[Event "Cappelle-la-Grande"]
[Site "Cappelle-la-Grande (FRA)"]
[Date "2013.03.02"]
[Round "9.21"]
[White "Dumitrache, Dragos-Nicolae"]
[Black "Vovk, Andrey"]
[Result "0-1"]
[WhiteElo "2440"]
[BlackElo "2564"]
[PlyCount "104"]
[EventDate "2013.??.??"]

1. c4 Nf6 2. Nc3 g6 3. g3 Bg7 4. Bg2 O-O 5. e4 d6 6. Nge2 c5 7. O-O Nc6 8. d3
Ne8 9. Be3 Nd4 10. Rb1 a5 11. h3 Nc7 12. Kh2 Rb8 13. a4 Bd7 14. b3 Bc6 15. Qd2
f5 16. Nb5 Nxe2 17. Qxe2 e5 18. f4 Ne6 19. exf5 gxf5 20. Bd5 Bxd5 21. cxd5 Nc7
22. fxe5 Nxb5 23. axb5 Bxe5 24. Bh6 Qh4 25. Bf4 Qf6 26. Rbe1 Rbe8 27. Qf3 Re7
28. h4 Bxf4 29. Rxe7 Qxh4+ 30. Kg2 Qxe7 31. Qxf4 Qe5 32. Qxe5 dxe5 33. Re1 Re8
34. d6 b6 35. d7 Rd8 36. Rxe5 Rxd7 37. Rxf5 Kg7 38. Re5 Kf6 39. Rh5 Kg6 40. Re5
Kf6 41. Rh5 Kg6 42. Re5 Rxd3 43. Re6+ Kf5 44. Rxb6 Rxb3 45. Rb8 Ke4 46. b6 Kd4
47. Kf2 Kc3 48. b7 c4 49. Ke2 a4 50. g4 a3 51. Ra8 Rxb7 52. Rxa3+ Kb2 0-1

[Event "Cappelle-la-Grande"]
[Site "Cappelle-la-Grande (FRA)"]
[Date "2013.03.02"]
[Round "9.24"]
[White "Papin, Vasily"]
[Black "Baron, Tal"]
[Result "1/2-1/2"]
[WhiteElo "2562"]
[BlackElo "2470"]
[PlyCount "57"]
[EventDate "2013.??.??"]

1. c4 c5 2. g3 g6 3. Bg2 Bg7 4. Nc3 Nc6 5. Nf3 d6 6. O-O Bf5 7. a3 Qd7 8. Re1
Nf6 9. d3 O-O 10. Rb1 a5 11. Bg5 Rab8 12. Qd2 Bh3 13. Bxf6 Bxf6 14. Bxh3 Qxh3
15. Nd5 b5 16. b4 axb4 17. axb4 Nxb4 18. Nxb4 cxb4 19. Qxb4 bxc4 20. Qxc4 Rfc8
21. Rxb8 Rxb8 22. Rc1 Qd7 23. e4 d5 24. Qc7 Qxc7 25. Rxc7 dxe4 26. dxe4 Kf8 27.
Kg2 Rb5 28. h4 h5 29. Rc8+ 1/2-1/2

[Event "Cappelle-la-Grande"]
[Site "Cappelle-la-Grande (FRA)"]
[Date "2013.03.02"]
[Round "9.25"]
[White "Borovikov, Vladislav"]
[Black "Raznikov, Danny"]
[Result "1-0"]
[WhiteElo "2557"]
[BlackElo "2463"]
[PlyCount "81"]
[EventDate "2013.??.??"]

1. d4 Nf6 2. Nf3 e6 3. c4 b6 4. Nc3 Bb4 5. Bg5 h6 6. Bh4 Bb7 7. Nd2 Be7 8. e4
O-O 9. Bg3 d6 10. Be2 Nc6 11. Nb3 d5 12. cxd5 exd5 13. e5 Ne4 14. O-O a5 15.
Nxe4 dxe4 16. d5 Nb4 17. d6 cxd6 18. exd6 Bh4 19. Bb5 Bxg3 20. hxg3 Qg5 21. a4
Nd3 22. d7 Qd5 23. Nc1 Nc5 24. Qxd5 Bxd5 25. Rd1 Be6 26. Ne2 Rfd8 27. Rd6 Rab8
28. Rad1 Bg4 29. R1d5 Bxe2 30. Bxe2 Kf8 31. Bb5 Ke7 32. Rc6 Ne6 33. Rc4 Kf8 34.
Re5 Nc5 35. Re8+ Rxe8 36. dxe8=Q+ Rxe8 37. Bxe8 Kxe8 38. b4 axb4 39. a5 Kd7 40.
axb6 Na6 41. b7 1-0

[Event "Cappelle-la-Grande"]
[Site "Cappelle-la-Grande (FRA)"]
[Date "2013.03.02"]
[Round "9.26"]
[White "Eingorn, Vereslav S"]
[Black "Pedersen, Nicolai Vesterbaek"]
[Result "1/2-1/2"]
[WhiteElo "2547"]
[BlackElo "2443"]
[PlyCount "79"]
[EventDate "2013.??.??"]

1. Nf3 Nf6 2. d4 e6 3. Bf4 c5 4. e3 Nc6 5. Nbd2 Be7 6. h3 O-O 7. c3 b6 8. Bd3
d6 9. Bh2 e5 10. dxe5 dxe5 11. Ne4 Bb7 12. Nxf6+ Bxf6 13. Be4 Qe7 14. O-O Na5
15. Qc2 g6 16. Rad1 Rad8 17. Bxb7 Nxb7 18. Qa4 Rxd1 19. Rxd1 Rd8 20. Rxd8+ Nxd8
21. Qe4 Qe6 22. Qa8 Kg7 23. Bxe5 Bxe5 24. Nxe5 Qxe5 25. Qxd8 Qe4 26. Qd1 h5 27.
b3 b5 28. Qe2 a6 29. Qd2 a5 30. f3 Qb1+ 31. Kh2 a4 32. bxa4 bxa4 33. Qd5 a3 34.
f4 h4 35. e4 Qb2 36. Qe5+ Kg8 37. Qe8+ Kg7 38. Qe5+ Kg8 39. Qe8+ Kg7 40. Qe5+
1/2-1/2

[Event "Cappelle-la-Grande"]
[Site "Cappelle-la-Grande (FRA)"]
[Date "2013.03.02"]
[Round "9.28"]
[White "Kharitonov, Alexandr"]
[Black "Klasan, Vladimir"]
[Result "1-0"]
[WhiteElo "2536"]
[BlackElo "2332"]
[PlyCount "97"]
[EventDate "2013.??.??"]

1. d4 Nf6 2. c4 c5 3. d5 e6 4. Nc3 exd5 5. cxd5 d6 6. e4 g6 7. h3 Bg7 8. Nf3
O-O 9. Bd3 a6 10. a4 Re8 11. O-O Nh5 12. Bg5 Bf6 13. Be3 Nd7 14. Re1 Ne5 15.
Be2 Nxf3+ 16. Bxf3 Ng7 17. a5 Bd7 18. Qd2 Be5 19. Na4 Bxa4 20. Rxa4 Qd7 21. Rc4
Qb5 22. Rc2 Qa4 23. Rb1 f5 24. b3 Qb5 25. Be2 Qb4 26. Qxb4 cxb4 27. Rc7 fxe4
28. g4 Reb8 29. Rbc1 Bc3 30. Re7 Kf8 31. Rd7 Ne8 32. g5 Rc8 33. Rxb7 Nc7 34.
Bg4 Nxd5 35. Bxc8 Rxc8 36. Rxh7 Ne7 37. Rd1 Nf5 38. Ra7 Rc6 39. Bb6 Be5 40.
Rxa6 d5 41. Ra7 d4 42. Rd7 e3 43. fxe3 dxe3 44. R7d5 Bf4 45. Re1 Rc2 46. Rxf5+
gxf5 47. Bxe3 Bxe3+ 48. Rxe3 Rc3 49. Kf2 1-0

[Event "Cappelle-la-Grande"]
[Site "Cappelle-la-Grande (FRA)"]
[Date "2013.03.02"]
[Round "9.29"]
[White "Grigoryan, Karen H"]
[Black "Papp, Petra"]
[Result "1-0"]
[WhiteElo "2531"]
[BlackElo "2280"]
[PlyCount "107"]
[EventDate "2013.??.??"]

1. e4 e5 2. Nf3 Nc6 3. Bc4 Bc5 4. c3 Nf6 5. d3 d6 6. Bb3 a6 7. O-O Ba7 8. Nbd2
O-O 9. h3 Ne7 10. Re1 Ng6 11. Nf1 h6 12. Ng3 Re8 13. d4 b5 14. Be3 Bb7 15. Bc2
Bb6 16. Nd2 d5 17. dxe5 Bxe3 18. exf6 Bxd2 19. Qxd2 Qxf6 20. exd5 Nf4 21. Ne4
Qh4 22. g3 Nxh3+ 23. Kg2 Qh5 24. Bd1 Qf5 25. Bf3 Ng5 26. Nxg5 Qxg5 27. Qxg5
hxg5 28. Rxe8+ Rxe8 29. Rd1 g6 30. b3 Kg7 31. g4 f5 32. Kf1 Kf6 33. c4 Rd8 34.
Ke2 Ke5 35. Ke3 Rh8 36. Rg1 Rg8 37. Rh1 Bc8 38. Rh7 Re8 39. c5 fxg4 40. Bg2
Kf6+ 41. Kd2 Re7 42. Rxe7 Kxe7 43. Kc3 Kf6 44. Kd4 Kf5 45. d6 a5 46. dxc7 Ke6
47. b4 axb4 48. Bc6 b3 49. axb3 b4 50. Kc4 Ke5 51. Kb5 Kf4 52. Kb6 g3 53. fxg3+
Kxg3 54. Bb7 1-0

[Event "Cappelle-la-Grande"]
[Site "Cappelle-la-Grande (FRA)"]
[Date "2013.03.02"]
[Round "9.30"]
[White "Mateo, Ramon"]
[Black "Baryshpolets, Andrey"]
[Result "0-1"]
[WhiteElo "2427"]
[BlackElo "2526"]
[PlyCount "80"]
[EventDate "2013.??.??"]

1. d4 d5 2. c4 c6 3. cxd5 cxd5 4. Nc3 Nf6 5. Bg5 e6 6. e3 Bd6 7. Bd3 O-O 8. f4
a6 9. Qf3 Nbd7 10. Nge2 b5 11. a3 Bb7 12. O-O Qb6 13. Qh3 b4 14. axb4 Bxb4 15.
f5 e5 16. Qh4 Be7 17. Qh3 Rfe8 18. Kh1 exd4 19. exd4 Ne4 20. Bxe4 dxe4 21. Be3
Nf6 22. Nf4 Rad8 23. Na4 Qb3 24. Nc5 Bxc5 25. dxc5 Bc8 26. Rae1 Qxb2 27. g4 Nd5
28. Nh5 Nxe3 29. Rxe3 f6 30. g5 fxg5 31. Qg3 Rf8 32. f6 Qb5 33. Rg1 Qxc5 34.
fxg7 Rf5 35. Rc3 Qd5 36. Qe3 Qf7 37. Qb6 Re8 38. Ng3 Rf6 39. Qa5 e3 40. Re1 Rf2
0-1

[Event "Cappelle-la-Grande"]
[Site "Cappelle-la-Grande (FRA)"]
[Date "2013.03.02"]
[Round "9.31"]
[White "Marholev, Dimitar"]
[Black "Ulibin, Mikhail"]
[Result "1/2-1/2"]
[WhiteElo "2333"]
[BlackElo "2521"]
[PlyCount "119"]
[EventDate "2013.??.??"]

1. e4 e6 2. d4 d5 3. Nd2 Nf6 4. e5 Nfd7 5. Bd3 c5 6. c3 Nc6 7. Ne2 cxd4 8. cxd4
f6 9. exf6 Qxf6 10. Nf3 h6 11. O-O Bd6 12. h3 O-O 13. Bb1 Rf7 14. Qd3 Nf8 15.
a3 Bd7 16. Nh2 e5 17. dxe5 Qxe5 18. f4 Bc5+ 19. Kh1 Qd6 20. Ba2 Ne7 21. b4 Bb6
22. Nc3 Bf5 23. Qf3 Rd8 24. Bb2 Be6 25. Nb5 Qd7 26. Nd4 Bxd4 27. Bxd4 Nfg6 28.
Qg3 Nf5 29. Qxg6 Nxd4 30. Qd3 Nc6 31. Rad1 d4 32. Bxe6 Qxe6 33. f5 Qd5 34. Ng4
Ne5 35. Nxe5 Qxe5 36. Qc4 b5 37. Qd3 Rf6 38. Rc1 a6 39. Rf3 Kh8 40. Rc5 Qd6 41.
Rc1 Qe5 42. Rc5 Qe7 43. Rf4 Rfd6 44. Re4 Qf7 45. Kg1 Qb7 46. Ree5 Qf7 47. Kh1
Qb7 48. Kg1 Rc6 49. Rxc6 Qxc6 50. Kf2 Qc4 51. Ke2 Qc6 52. Kf2 Qd6 53. Qe4 d3
54. Re8+ Rxe8 55. Qxe8+ Kh7 56. Qe4 d2 57. f6+ Kh8 58. Qe8+ Kh7 59. Qe4+ Kh8
60. Qe8+ 1/2-1/2

[Event "Cappelle-la-Grande"]
[Site "Cappelle-la-Grande (FRA)"]
[Date "2013.03.02"]
[Round "9.32"]
[White "Ninov, Nikolai"]
[Black "Forthofer, Robert"]
[Result "1-0"]
[WhiteElo "2520"]
[BlackElo "2249"]
[PlyCount "75"]
[EventDate "2013.??.??"]

1. e4 c5 2. Nf3 Nc6 3. d4 cxd4 4. Nxd4 Nf6 5. Nc3 e5 6. Ndb5 d6 7. Bg5 a6 8.
Na3 b5 9. Bxf6 gxf6 10. Nd5 f5 11. exf5 Bxf5 12. Bd3 Be6 13. Be4 Bg7 14. Qd3
O-O 15. Ne3 Rc8 16. Bxh7+ Kh8 17. Be4 Qh4 18. c3 b4 19. Nac4 bxc3 20. bxc3 f5
21. Nxf5 Bxf5 22. Bxf5 e4 23. Qg3 Qf6 24. Qh3+ Bh6 25. O-O Rcd8 26. Ne3 d5 27.
Bxe4 dxe4 28. Ng4 Qe6 29. Qxh6+ Qxh6 30. Nxh6 Rd2 31. Ng4 Rc2 32. Rfc1 Rb2 33.
Re1 Rf4 34. h3 Rc2 35. Rec1 Rb2 36. Kh2 Rf7 37. Rcb1 Rc2 38. Rb6 1-0

[Event "Cappelle-la-Grande"]
[Site "Cappelle-la-Grande (FRA)"]
[Date "2013.03.02"]
[Round "9.33"]
[White "Azarov, Sergei"]
[Black "Jarmula, Lukasz"]
[Result "1-0"]
[WhiteElo "2627"]
[BlackElo "2164"]
[PlyCount "111"]
[EventDate "2013.??.??"]

1. e4 c5 2. Nf3 d6 3. d4 cxd4 4. Nxd4 Nf6 5. Nc3 a6 6. Bg5 Nbd7 7. f4 Qc7 8.
Qf3 h6 9. Bxf6 Nxf6 10. f5 e5 11. fxe6 fxe6 12. O-O-O Be7 13. Qe2 Qc5 14. g3
O-O 15. Bh3 Qe5 16. Rhe1 Nh7 17. Kb1 Bd7 18. Nd5 exd5 19. Bxd7 dxe4 20. Qxe4
Qxe4 21. Rxe4 Bf6 22. Ne6 Ng5 23. Re2 Nxe6 24. Bxe6+ Kh8 25. Rxd6 Rad8 26. Rxd8
Rxd8 27. c3 Re8 28. a4 Bd8 29. Kc2 Bb6 30. Kd3 Bg1 31. h4 g6 32. b4 Kg7 33. a5
Kf6 34. Rg2 Ba7 35. Bd5 Rd8 36. c4 b5 37. axb6 Bxb6 38. Ra2 a5 39. bxa5 Ba7 40.
Ra1 Rb8 41. a6 Rb3+ 42. Kc2 Rb6 43. Kc3 Rd6 44. Ra5 Ke7 45. Be4 Kd8 46. c5 Re6
47. Kd4 Ke7 48. Bd5 Rf6 49. Ke4 Kd7 50. c6+ Kc7 51. Rb5 Bb6 52. Rxb6 Kxb6 53.
a7 Rf8 54. c7 Re8+ 55. Kd4 Kxa7 56. Be6 1-0

[Event "Cappelle-la-Grande"]
[Site "Cappelle-la-Grande (FRA)"]
[Date "2013.03.02"]
[Round "9.34"]
[White "Svetushkin, Dmitry"]
[Black "Giffard, Nicolas"]
[Result "1-0"]
[WhiteElo "2612"]
[BlackElo "2359"]
[PlyCount "57"]
[EventDate "2013.??.??"]

1. e4 c6 2. d4 d5 3. e5 Bf5 4. Nf3 e6 5. Be2 Nd7 6. O-O Ne7 7. Nbd2 Bg4 8. h3
Bxf3 9. Nxf3 f6 10. exf6 gxf6 11. Re1 Ng6 12. Bd3 Kf7 13. Nh2 Bd6 14. Qh5 Bxh2+
15. Kxh2 Ndf8 16. Bh6 Qd6+ 17. Kg1 Nd7 18. g4 Rhg8 19. f4 Rae8 20. Kh1 Ke7 21.
f5 Ngf8 22. fxe6 Nxe6 23. Re3 Kd8 24. Rae1 Nc7 25. Qf7 Rxe3 26. Rxe3 Re8 27.
Bf5 Rxe3 28. Bxe3 Nb6 29. Bf4 1-0

[Event "Cappelle-la-Grande"]
[Site "Cappelle-la-Grande (FRA)"]
[Date "2013.03.02"]
[Round "9.35"]
[White "Calistri, Tristan"]
[Black "Zubarev, Alexander"]
[Result "1-0"]
[WhiteElo "2349"]
[BlackElo "2591"]
[PlyCount "73"]
[EventDate "2013.??.??"]

1. e4 c5 2. Nf3 d6 3. d4 cxd4 4. Nxd4 Nf6 5. Nc3 Nc6 6. Bg5 e6 7. Qd2 a6 8.
O-O-O Bd7 9. f3 Be7 10. Be3 h5 11. Kb1 b5 12. Nxc6 Bxc6 13. Ne2 Bb7 14. Nd4 Nd7
15. c4 bxc4 16. Bxc4 d5 17. exd5 Nb6 18. Bb3 Bxd5 19. Qa5 Bxb3 20. Nxe6 Bxe6
21. Rxd8+ Bxd8 22. Bxb6 Bxb6 23. Qxb6 O-O 24. Qa5 Rfd8 25. Re1 Rd5 26. Qb6 Rd2
27. Rxe6 fxe6 28. Qxe6+ Kh8 29. Qe5 Rc8 30. Qxh5+ Kg8 31. f4 Rb8 32. Qe5 Rb5
33. Qe6+ Kf8 34. Qc8+ Kf7 35. b3 Rxg2 36. Qxa6 Rb4 37. Qd6 1-0

[Event "Cappelle-la-Grande"]
[Site "Cappelle-la-Grande (FRA)"]
[Date "2013.03.02"]
[Round "9.37"]
[White "Jovanic, Ognjen"]
[Black "Westerinen, Heikki M.j"]
[Result "1/2-1/2"]
[WhiteElo "2547"]
[BlackElo "2339"]
[PlyCount "96"]
[EventDate "2013.??.??"]

1. d4 Nf6 2. Nf3 g6 3. Bf4 Bg7 4. e3 d6 5. h3 O-O 6. Be2 Nc6 7. Bh2 Qe8 8. O-O
e5 9. c4 exd4 10. exd4 Qd8 11. Nc3 Re8 12. Re1 Ne4 13. Nd5 Ne7 14. Nxe7+ Rxe7
15. Bd3 Ng5 16. Nxg5 Rxe1+ 17. Qxe1 Qxg5 18. Qe8+ Bf8 19. Bg3 Qe7 20. Re1 Qxe8
21. Rxe8 f6 22. c5 Kf7 23. Re3 Be6 24. Be4 c6 25. b4 dxc5 26. dxc5 a5 27. b5
Bxc5 28. bxc6 bxc6 29. Rc3 Bb4 30. Rxc6 Rc8 31. a4 Rxc6 32. Bxc6 Ke7 33. f3
Bc5+ 34. Kf1 Bc4+ 35. Ke1 Bb4+ 36. Kd1 Bf1 37. f4 Kd6 38. Bb7 f5 39. Bf2 Bc4
40. Kc2 Bf1 41. Bd4 Bc4 42. Bf3 Ke6 43. Be5 Be1 44. Bc3 Bxc3 45. Kxc3 Bd5 46.
Kd4 Bxf3 47. gxf3 Kd6 48. Kc4 Kc6 1/2-1/2

[Event "Cappelle-la-Grande"]
[Site "Cappelle-la-Grande (FRA)"]
[Date "2013.03.02"]
[Round "9.39"]
[White "Jojua, Davit"]
[Black "Kostiuk, Tatiana"]
[Result "1-0"]
[WhiteElo "2543"]
[BlackElo "2338"]
[PlyCount "75"]
[EventDate "2013.??.??"]

1. d4 Nf6 2. c4 c5 3. d5 b5 4. cxb5 a6 5. bxa6 g6 6. Nc3 Bxa6 7. g3 d6 8. Bg2
Bg7 9. Nf3 Nbd7 10. Rb1 Qa5 11. Bd2 Qc7 12. b3 Nb6 13. Nh4 Bb7 14. Bc1 O-O 15.
O-O Nfd7 16. Qd2 c4 17. Bb2 cxb3 18. axb3 Nc5 19. Nb5 Qd7 20. Bxg7 Kxg7 21. Nc3
Rfc8 22. Nf3 Qc7 23. Rfc1 Qd7 24. Nd4 e5 25. dxe6 fxe6 26. Bxb7 Nxb7 27. Nxe6+
Qxe6 28. Qd4+ Kg8 29. Qxb6 Rab8 30. b4 Nc5 31. bxc5 Rxb6 32. cxb6 Rb8 33. b7
Kg7 34. Rb4 Qe5 35. Rb5 Qe8 36. Rb6 Qd7 37. Nb5 Kh6 38. Nxd6 1-0

[Event "Cappelle-la-Grande"]
[Site "Cappelle-la-Grande (FRA)"]
[Date "2013.03.02"]
[Round "9.40"]
[White "Atakisi, Umut"]
[Black "Maiorov, Nikita"]
[Result "1/2-1/2"]
[WhiteElo "2320"]
[BlackElo "2542"]
[PlyCount "40"]
[EventDate "2013.??.??"]

1. e4 e5 2. Nf3 Nc6 3. Bb5 a6 4. Ba4 Nf6 5. O-O Be7 6. Re1 d6 7. c3 Bg4 8. d3
Nd7 9. Nbd2 Nc5 10. Bc2 Ne6 11. Nf1 Ng5 12. Bxg5 Bxg5 13. h3 Bd7 14. Nxg5 Qxg5
15. Qc1 Qg6 16. Re3 Qh6 17. Rg3 Qxc1 18. Rxc1 g6 19. Ne3 Ne7 20. Rf1 O-O
1/2-1/2

[Event "Cappelle-la-Grande"]
[Site "Cappelle-la-Grande (FRA)"]
[Date "2013.03.02"]
[Round "9.48"]
[White "Skytte, Rasmus"]
[Black "Draskovic, Luka"]
[Result "1/2-1/2"]
[WhiteElo "2419"]
[BlackElo "2293"]
[PlyCount "42"]
[EventDate "2013.??.??"]

1. e4 c5 2. c3 g6 3. d4 cxd4 4. cxd4 d5 5. exd5 Nf6 6. Bb5+ Nbd7 7. Nc3 a6 8.
Ba4 b5 9. Bb3 Bb7 10. Bg5 Bg7 11. Qf3 O-O 12. Nge2 Nb6 13. Bxf6 Bxf6 14. a3 Bg7
15. O-O e6 16. Rfd1 Nxd5 17. Nxd5 Bxd5 18. Bxd5 Qxd5 19. Qxd5 exd5 20. Rac1
Rac8 21. Kf1 Rfe8 1/2-1/2

[Event "Cappelle-la-Grande"]
[Site "Cappelle-la-Grande (FRA)"]
[Date "2013.03.02"]
[Round "9.49"]
[White "Ambartsumova, Karina"]
[Black "Collas, Didier"]
[Result "1/2-1/2"]
[WhiteElo "2294"]
[BlackElo "2404"]
[PlyCount "39"]
[EventDate "2013.??.??"]

1. e4 e5 2. Nf3 Nc6 3. Bb5 Nf6 4. O-O Nxe4 5. Re1 Nd6 6. Nxe5 Be7 7. Bf1 Nxe5
8. Rxe5 O-O 9. d4 Bf6 10. Re1 Nf5 11. d5 d6 12. Nd2 g6 13. Ne4 Bg7 14. Bg5 f6
15. Bf4 Nh6 16. c4 Nf7 17. Rc1 f5 18. Nc3 g5 19. Be3 f4 20. Bd4 1/2-1/2

[Event "Cappelle-la-Grande"]
[Site "Cappelle-la-Grande (FRA)"]
[Date "2013.03.02"]
[Round "9.51"]
[White "Valuet, Bertrand"]
[Black "Piscopo, Pierluigi"]
[Result "1-0"]
[WhiteElo "2290"]
[BlackElo "2403"]
[PlyCount "69"]
[EventDate "2013.??.??"]

1. e4 c5 2. Nf3 Nc6 3. d4 cxd4 4. Nxd4 e5 5. Nb5 d6 6. N1c3 a6 7. Na3 b5 8. Nd5
Nf6 9. Bg5 Be7 10. Bxf6 Bxf6 11. c4 b4 12. Nc2 a5 13. Qf3 Bg5 14. h4 Be7 15.
Rd1 O-O 16. c5 dxc5 17. Nf6+ Bxf6 18. Rxd8 Rxd8 19. Bc4 Nd4 20. Nxd4 Rxd4 21.
Bd5 Ra7 22. g4 Ba6 23. g5 Bd8 24. Qg4 a4 25. g6 hxg6 26. h5 b3 27. f3 bxa2 28.
Kf2 g5 29. Qf5 Rb4 30. h6 Rxb2+ 31. Kg3 Rb1 32. Bxf7+ Rxf7 33. h7+ Kh8 34. Qxf7
Bc4 35. Qf8+ 1-0

[Event "Cappelle-la-Grande"]
[Site "Cappelle-la-Grande (FRA)"]
[Date "2013.03.02"]
[Round "9.55"]
[White "Georgiadis, Nico"]
[Black "Kulon, Klaudia"]
[Result "1-0"]
[WhiteElo "2380"]
[BlackElo "2262"]
[PlyCount "65"]
[EventDate "2013.??.??"]

1. e4 c5 2. Nf3 d6 3. d4 cxd4 4. Nxd4 Nf6 5. Nc3 Nc6 6. Bg5 e6 7. Qd2 a6 8.
O-O-O Bd7 9. f4 b5 10. Bxf6 gxf6 11. Kb1 Qb6 12. Nxc6 Bxc6 13. f5 b4 14. Ne2 e5
15. Ng3 Qc5 16. Bd3 Rg8 17. Rhe1 a5 18. b3 Ke7 19. Bc4 Rc8 20. Qe2 Rg5 21. Nf1
h5 22. Ne3 Bxe4 23. h4 Rxf5 24. Bd3 Rf4 25. Bxe4 Rxe4 26. Nf5+ Ke6 27. Qxe4 d5
28. Qd3 e4 29. Nd4+ Kd6 30. Qa6+ Ke7 31. Rf1 Bg7 32. Nf5+ Kf8 33. Qd6+ 1-0

[Event "Cappelle-la-Grande"]
[Site "Cappelle-la-Grande (FRA)"]
[Date "2013.03.02"]
[Round "9.59"]
[White "Soyez, Cyril"]
[Black "Grekh, Andrey"]
[Result "0-1"]
[WhiteElo "2219"]
[BlackElo "2373"]
[PlyCount "44"]
[EventDate "2013.??.??"]

1. c4 Nf6 2. g3 g6 3. Bg2 Bg7 4. Nc3 O-O 5. d3 c5 6. e4 Nc6 7. Nge2 d6 8. h3 a6
9. Be3 Ne8 10. Qd2 Nd4 11. Rc1 Rb8 12. Bh6 Bxh6 13. Qxh6 Nxe2 14. Kxe2 b5 15.
b3 e6 16. h4 Nf6 17. Bf3 b4 18. Nd1 Nd7 19. Ne3 Ne5 20. Ng4 Nxf3 21. Kxf3 f5
22. Ne3 fxe4+ 0-1

[Event "Cappelle-la-Grande"]
[Site "Cappelle-la-Grande (FRA)"]
[Date "2013.03.02"]
[Round "9.61"]
[White "Mouhamad, Joachin"]
[Black "Sumets, Andrey"]
[Result "0-1"]
[WhiteElo "2209"]
[BlackElo "2632"]
[PlyCount "44"]
[EventDate "2013.??.??"]

1. e4 e6 2. d3 d5 3. Nd2 Nf6 4. Ngf3 Nc6 5. g3 dxe4 6. dxe4 e5 7. Bc4 Bc5 8. h3
O-O 9. c3 a6 10. Qc2 b5 11. Be2 Bb6 12. Nf1 Bb7 13. Bg5 h6 14. Rd1 Qe7 15. Be3
Nd8 16. N3d2 Ne6 17. Bxb6 cxb6 18. Ne3 g6 19. O-O Ng5 20. f3 Qc5 21. Qd3 Rad8
22. b4 Rxd3 0-1

[Event "Cappelle-la-Grande"]
[Site "Cappelle-la-Grande (FRA)"]
[Date "2013.03.02"]
[Round "9.64"]
[White "Kunin, Vitaly"]
[Black "Varoquier, Romain"]
[Result "1-0"]
[WhiteElo "2525"]
[BlackElo "2194"]
[PlyCount "57"]
[EventDate "2013.??.??"]

1. d4 d5 2. c4 e6 3. Nc3 Nf6 4. Bg5 Be7 5. e3 O-O 6. Nf3 h6 7. Bh4 b6 8. g4 Bb7
9. Bxf6 Bxf6 10. cxd5 Bxd5 11. Nxd5 exd5 12. h4 c5 13. g5 Be7 14. Bd3 Nc6 15.
gxh6 g6 16. Qa4 c4 17. Qxc6 cxd3 18. Qc3 Qd6 19. Qxd3 Rac8 20. a3 Qc6 21. Kd2
Qf6 22. Ke2 Rc7 23. Rac1 Rfc8 24. Rxc7 Rxc7 25. h5 Qf5 26. Qxf5 gxf5 27. Rg1+
Kh8 28. Kd3 Bf6 29. Ng5 1-0

[Event "Cappelle-la-Grande"]
[Site "Cappelle-la-Grande (FRA)"]
[Date "2013.03.02"]
[Round "9.80"]
[White "Feryn, Benjamin"]
[Black "Tugui, Adrian"]
[Result "1/2-1/2"]
[WhiteElo "2110"]
[BlackElo "2370"]
[PlyCount "32"]
[EventDate "2013.??.??"]

1. e4 c5 2. Nf3 a6 3. c3 d5 4. exd5 Qxd5 5. d4 e6 6. Be2 Nf6 7. O-O cxd4 8.
cxd4 Nc6 9. Nc3 Qd6 10. Bg5 Be7 11. Qd2 O-O 12. Rac1 Nd5 13. Ne4 Qd8 14. Nc3
Qd6 15. Ne4 Qd8 16. Nc3 Qd6 1/2-1/2

[Event "Cappelle-la-Grande"]
[Site "Cappelle-la-Grande (FRA)"]
[Date "2013.03.02"]
[Round "9.88"]
[White "Martynov, Pavel"]
[Black "Harazinska, Ewa"]
[Result "1-0"]
[WhiteElo "2323"]
[BlackElo "2019"]
[PlyCount "63"]
[EventDate "2013.??.??"]

1. Nf3 c5 2. g3 Nc6 3. c4 g6 4. Nc3 Bg7 5. Bg2 d6 6. O-O e5 7. d3 Nge7 8. Rb1
O-O 9. Ne1 Be6 10. Nc2 d5 11. cxd5 Nxd5 12. Ne3 Nce7 13. Qa4 b6 14. Bd2 Nxe3
15. fxe3 Nd5 16. Qe4 Nxc3 17. Bxc3 Rc8 18. Bxe5 f5 19. Bxg7 fxe4 20. Rxf8+ Qxf8
21. Bxf8 Rxf8 22. Bxe4 Bh3 23. Bf3 Be6 24. d4 c4 25. e4 Re8 26. d5 Bd7 27. Kf2
b5 28. Ke3 b4 29. Kd4 Rc8 30. Rc1 Bb5 31. e5 a6 32. d6 1-0

[Event "Cappelle-la-Grande"]
[Site "Cappelle-la-Grande (FRA)"]
[Date "2013.03.02"]
[Round "9.90"]
[White "Afek, Yochanan"]
[Black "Guilbert, Jean-Louis"]
[Result "1-0"]
[WhiteElo "2310"]
[BlackElo "2023"]
[PlyCount "33"]
[EventDate "2013.??.??"]

1. e4 d5 2. exd5 Qxd5 3. Nc3 Qa5 4. Bc4 Nf6 5. d4 e5 6. Qe2 Bb4 7. Qxe5+ Qxe5+
8. dxe5 Ne4 9. Nge2 Nxc3 10. Nxc3 Bxc3+ 11. bxc3 O-O 12. O-O Bf5 13. Bd3 Be6
14. f4 g6 15. Rb1 Bxa2 16. Rxb7 Rc8 17. c4 1-0

[Event "Cappelle-la-Grande"]
[Site "Cappelle-la-Grande (FRA)"]
[Date "2013.03.02"]
[Round "9.117"]
[White "Bartel, Michal"]
[Black "Deknuydt, Claudy"]
[Result "1-0"]
[WhiteElo "2273"]
[BlackElo "1948"]
[PlyCount "63"]
[EventDate "2013.??.??"]

1. g3 f5 2. Bg2 Nf6 3. d3 d6 4. c3 c6 5. f4 g6 6. b4 Bg7 7. Qb3 a5 8. bxa5 Qxa5
9. Nf3 Nd5 10. Bd2 Qa4 11. Qb2 Ra6 12. O-O Rb6 13. Qc1 O-O 14. Na3 Nd7 15. Nc4
Ra6 16. Nb2 Qa3 17. Nd4 Qc5 18. e3 N7f6 19. Kh1 e5 20. Nb3 Qa7 21. Nc4 exf4 22.
gxf4 c5 23. e4 Ne7 24. e5 dxe5 25. fxe5 Nfd5 26. d4 b6 27. a3 Bd7 28. Nd6 Ba4
29. Rb1 Qc7 30. c4 cxd4 31. cxd5 Bxe5 32. Qxc7 1-0

[Event "Cappelle-la-Grande"]
[Site "Cappelle-la-Grande (FRA)"]
[Date "2013.03.02"]
[Round "9.119"]
[White "Whiteley, Andrew J"]
[Black "Jimenez, Martin"]
[Result "1-0"]
[WhiteElo "2251"]
[BlackElo "1936"]
[PlyCount "31"]
[EventDate "2013.??.??"]

1. d4 d5 2. c4 c6 3. Nf3 e6 4. Nbd2 Nf6 5. Qc2 Nbd7 6. g3 Bd6 7. Bg2 O-O 8. O-O
Qe7 9. b3 e5 10. dxe5 Nxe5 11. cxd5 Nxd5 12. Bb2 Nc7 13. Rad1 Nxf3+ 14. Nxf3
Bg4 15. Qc3 f6 16. Qd4 1-0

[Event "Cappelle-la-Grande"]
[Site "Cappelle-la-Grande (FRA)"]
[Date "2013.03.02"]
[Round "9.120"]
[White "Ramez, Jean-Simon"]
[Black "Iwanow, Anna"]
[Result "0-1"]
[WhiteElo "1920"]
[BlackElo "2216"]
[PlyCount "46"]
[EventDate "2013.??.??"]

1. d4 Nf6 2. c4 g6 3. Nc3 Bg7 4. e4 O-O 5. e5 Ne8 6. f4 d6 7. Nf3 dxe5 8. fxe5
c5 9. d5 Bg4 10. Bf4 Nd7 11. Qe2 Qb8 12. d6 exd6 13. exd6 Nef6 14. O-O-O Re8
15. Qc2 a6 16. Be2 b5 17. h3 Be6 18. Be5 Nxe5 19. Nxe5 Bf5 20. d7 Bh6+ 21. Qd2
Bxd2+ 22. Rxd2 Rxe5 23. d8=Q+ Qxd8 0-1

[Event "Cappelle-la-Grande"]
[Site "Cappelle-la-Grande (FRA)"]
[Date "2013.03.02"]
[Round "9.126"]
[White "Marchyllie, Bruno"]
[Black "Leharanger, Guillaume"]
[Result "0-1"]
[WhiteElo "2162"]
[BlackElo "1911"]
[PlyCount "122"]
[EventDate "2013.??.??"]

1. e4 c5 2. d4 cxd4 3. c3 dxc3 4. Nxc3 e6 5. Nf3 Ne7 6. Bg5 f6 7. Be3 Ng6 8.
Bc4 Nc6 9. O-O a6 10. Qe2 b5 11. Bb3 Be7 12. Rfd1 Qc7 13. Rac1 O-O 14. h4 Kh8
15. h5 Nge5 16. Nd4 Nxd4 17. Bxd4 Nc6 18. Be3 Bd6 19. h6 g6 20. Qd2 Bh2+ 21.
Kh1 Qe5 22. g3 Bxg3 23. fxg3 Qxg3 24. Bg1 b4 25. Na4 Qh4+ 26. Bh2 Qxe4+ 27. Qg2
Qe3 28. Rc4 Na5 29. Re4 Qxh6 30. Nc5 Qh5 31. Rc1 Nxb3 32. axb3 d6 33. Nxe6 Bb7
34. Rc7 Bd5 35. Nxf8 Rxf8 36. Kg1 Qd1+ 37. Qf1 Qxf1+ 38. Kxf1 Bxe4 39. Bxd6 Re8
40. Bxb4 Re6 41. Bc3 Kg8 42. Kf2 h5 43. b4 g5 44. Kg3 Bg6 45. Rb7 Bd3 46. Rd7
Bb5 47. Rc7 Kf8 48. Bd4 f5 49. Rg7 f4+ 50. Kf3 Bc6+ 51. Kf2 g4 52. Rg5 g3+ 53.
Kf1 Be4 54. Rxh5 f3 55. Bf2 Bd3+ 56. Kg1 gxf2+ 57. Kxf2 Be2 58. Rh7 Re7 59.
Rh8+ Kf7 60. Rb8 Ke6 61. Rd8 Rd7 0-1